Every US State - Statistics

General Stats
  • This quiz has been taken 3 times
  • The average score is 34 of 51
Answer Stats
State % Correct
Alabama
100%
Alaska
67%
Arizona
67%
Arkansas
67%
California
67%
Colorado
67%
Connecticut
67%
Delaware
67%
Florida
67%
Georgia
67%
Hawaii
67%
Idaho
67%
Illinois
67%
Indiana
67%
Iowa
67%
Kansas
67%
Kentucky
67%
Louisiana
67%
Maine
67%
Maryland
67%
Massachusetts
67%
Michigan
67%
Minnesota
67%
Mississippi
67%
Missouri
67%
Montana
67%
Nebraska
67%
Nevada
67%
New Hampshire
67%
New Jersey
67%
New Mexico
67%
New York
67%
North Carolina
67%
North Dakota
67%
Ohio
67%
Oklahoma
67%
Oregon
67%
Pennsylvania
67%
Rhode Island
67%
South Carolina
67%
South Dakota
67%
Tennessee
67%
Texas
67%
Utah
67%
Vermont
67%
Virginia
67%
Washington
67%
West Virginia
67%
Wisconsin
67%
Wyoming
67%
District Of Columbia
33%
No matching quizzes found
Score Distribution
Percent of People with Each Score
Percentile by Number Answered
Your Score History
You have not taken this quiz